ARRUPE JESUIT UNIVERSITY

CORONAVIRUS -STOP THE SPREAD - CLEAN,DISINFECT,COVER

Wayward winds (Record no. 121462)

MARC details
000 -LEADER
fixed length control field 00674cam a2200253 4500
001 - CONTROL NUMBER
control field 311848
003 - CONTROL NUMBER IDENTIFIER
control field ARRUPE
005 - DATE AND TIME OF LATEST TRANSACTION
control field 20141219134346.0
008 - FIXED-LENGTH DATA ELEMENTS--GENERAL INFORMATION
fixed length control field 731005s1972 rh a 001 0 eng
010 ## - LIBRARY OF CONGRESS CONTROL NUMBER
LC control number 73170628
020 ## - INTERNATIONAL STANDARD BOOK NUMBER
International Standard Book Number 0582640857
040 ## - CATALOGING SOURCE
Original cataloging agency DLC
Transcribing agency DLC
Modifying agency DLC
050 00 - LIBRARY OF CONGRESS CALL NUMBER
Classification number QC981
Item number .H33
082 00 - DEWEY DECIMAL CLASSIFICATION NUMBER
Classification number 551.6/3
300 ## - PHYSICAL DESCRIPTION
Other physical details illus.
Dimensions 22 cm.
100 1# - MAIN ENTRY--PERSONAL NAME
Personal name Hattle, Jack.
9 (RLIN) 13298
245 10 - TITLE STATEMENT
Title Wayward winds
Statement of responsibility, etc / Jack Hattle.
260 ## - PUBLICATION, DISTRIBUTION, ETC. (IMPRINT)
Place of publication, distribution, etc Salisbury
Name of publisher, distributor, etc Longman Rhodesia
Date of publication, distribution, etc 1972
300 ## - PHYSICAL DESCRIPTION
Extent 138 p.
490 0# - SERIES STATEMENT
Series statement Bundu series
650 #0 - SUBJECT ADDED ENTRY--TOPICAL TERM
Topical term or geographic name as entry element Weather.
9 (RLIN) 13299
650 #0 - SUBJECT ADDED ENTRY--TOPICAL TERM
Topical term or geographic name as entry element Weather forecasting.
9 (RLIN) 13300
906 ## - LOCAL DATA ELEMENT F, LDF (RLIN)
a 7
b cbc
c orignew
d 4
e ncip
f 19
g y-gencatlg
942 ## - ADDED ENTRY ELEMENTS (KOHA)
Source of classification or shelving scheme Library of Congress Classification
Koha item type SPC
Holdings
Withdrawn status Lost status Source of classification or shelving scheme Damaged status Not for loan Collection code Home library Current library Shelving location Date acquired Total Checkouts Full call number Barcode Date last seen Price effective from Koha item type
    Library of Congress Classification     SPECIAL Collection ARRUPE LIBRARY ARRUPE LIBRARY Main Collection 10/12/2014   SPC QC981 .H33 46500003463 10/12/2014 10/12/2014 Monograph ( Printed materials)

 

Arrupe Library. PO Box MP320 Mt Pleasant, Harare, Zimbabwe
263 242 745411|librarian@aju.ac.zw